| 000 | 00924 a2200241 4500 | ||
|---|---|---|---|
| 001 | 47918 | ||
| 005 | 20260407155745.0 | ||
| 008 | 260407a2018 arg spa d | ||
| 003 | AR-UNSa-BCEJYS | ||
| 040 |
_aAR-UNSa-BCEJYS _bspa _cAR-UNSa-BCEJYS |
||
| 080 |
_a657.36 _xBalances de comprobación (balance estimativo). Balances de saldo. Balance intermedio |
||
| 245 | 1 | 0 | _aMi primer balance |
| 020 | _a978-987-01-2165-7 | ||
| 250 | _a3a. ed. | ||
| 264 | 1 |
_aBuenos Aires : _bErrepar _c2018 |
|
| 300 |
_axvi, 192 p. _c27 cm. |
||
| 505 | _a1. Tareas iniciales - 2. Rubros y registraciones. Ajustes - 3. Confección de Estados Contables - 4. Presentación de Estados Contables - 5. Tareas finales. | ||
| 041 | _aspa | ||
| 942 | _cBK | ||
| 590 | _aniveau_biblio:m niveau_hierar:0 | ||
| 100 | 1 | _aMantovan, Flavio A. | |
| 856 | 4 | 1 |
_uhttps://www.biblioeco.unsa.edu.ar/pmb/images/libros/L127687.jpg _yImagen de portada _qimage/jpeg |
| 999 |
_c4487 _d4487 |
||